000 00666nam a2200229 a 4500
001 2200
003 BD-JhCC
005 20240512194327.0
008 171030s2008 bg |||| ||a| 000 0 ben d
020 _a9848684948
035 _a(BD-JhCC)2200
040 _aBD-JhCC
_dBD-JhCC
041 _aben
082 _a891.443
_bAHM 2008
100 _aআহমেদ, হুমায়ূন
245 _aমধ্যাহ্ন অখণ্ড /
_cহুমায়ূন আহমেদ
260 _aঢাকা :
_bঅন্যপ্রকাশ,
_c2008
300 _a407 p. :
_c20 cm.
650 _aCollection of Novel
942 _2ddc
_cBK
_022
999 _c2200
_d2200